|
|
|
|
| LEADER |
00000cam a2200000 7i4500 |
| 001 |
0000015773 |
| 005 |
20050919.0 |
| 020 |
|
|
|a 9835200742
|
| 040 |
|
|
|a INS
|
| 090 |
0 |
0 |
|a BP166.78
|b A44 1997
|
| 100 |
0 |
|
|a Marwan Ibrahim Al-kaysi
|
| 245 |
1 |
0 |
|a Adap sopan dan budi pekerti dalam islam :
|b panduan adap islam
|c Marwan Ibrahim Al- kaysi
|
| 260 |
|
|
|a Skudai :
|b Universiti Teknologi Malaysia ,
|c 1997
|
| 300 |
|
|
|a xiv :
|b 212p ;
|c 23cm.
|
| 650 |
0 |
0 |
|a Islamic ettiquette
|
| 700 |
0 |
|
|a Hussin salamon
|
| 999 |
|
|
|a 0000015758
|b BOOK
|c Red Spot
|e Default branch
|
| 999 |
|
|
|a 0000015759
|b BOOK
|c Open Shelf
|e Default branch
|